| 000 | 01625nam a2200217 i 4500 | ||
|---|---|---|---|
| 001 | 000028245 | ||
| 003 | DO-SdBNP | ||
| 005 | 20240229073821.0 | ||
| 007 | ta | ||
| 008 | 110407s2005 dr 000 0 spa d | ||
| 040 |
_aDO-SdBNP _bspa _cBNPHU _erda |
||
| 245 | 0 | 0 |
_aMujeres de siempre / _cpresentación Jorge A. Subero Isa. |
| 264 |
_aSanto Domingo : _bImpresora Azteca, _c2005. |
||
| 300 |
_a94 páginas ; _c23 cm. |
||
| 336 |
_2rdacontent _atexto _btxt |
||
| 337 |
_2 rdamedia _asin mediación _bn |
||
| 338 |
_2rdacarrier _avolumen _bnc |
||
| 505 | 0 | _aPresentación -- Dedicatoria y agradecimientos -- En defensa de la sociedad/ Salomé Ureña Díaz -- Andrea Evangelina Rodríguez Perozo -- Duarte/ Ercilia Pepín Estrella -- Rosa Duarte Diez -- Una mujer está sola/ Aída Cartagena Portalatín -- Ana Emilia Abigail Mejía Soliere -- A mi patria/ Encarnación Echavarría de Del Monte -- Carmen Josefina Lora Iglesias (Piky) -- Himno a las madres/ Trina de Moya Pérez -- Adriana Billini Gautreau -- 5 Rosas de insomnio/ Melba Marrero -- Ana Teresa Paradas Sánchez -- Retozos de luz/Martha María Lamarche Darnet -- Estación de la tierra/ Milady Félix Miranda -- Margarita A. Tavarez Vidal -- El rito/ Euridice Raquel Canaán Fernádez -- Altagracia Mélida Frómeta Pereyra -- Pena Negra/ Altagracia Saviñón Saviñón -- Iluminada María Lora Peralta -- Oda Heroica a las Mirabal Carmen Natalia Martínez Bonilla -- Minerva Argentina Mirabal Reyes -- Paz de fuga/ Livia Veloz Echevarría -- Minerva Bernardino Evangelista. | |
| 700 | 1 | 2 |
_aSubero Isa, Jorge A., _d1947- _epresentación _976863 |
| 942 |
_2ddc _cLBS1 |
||
| 999 |
_c27737 _d27737 |
||